[Event "Open"]
[Site "Loosdorf op"]
[Date "1993.??.??"]
[Round "7"]
[White "Haba, Petr"]
[Black "Lazarev, Vladimir"]
[Result "1/2-1/2"]
[WhiteElo "2485"]
[BlackElo "2430"]
[PlyCount "173"]
[EventDate "1993.??.??"]
[Source "www.chesslib.no"]
[SourceDate "2004.05.04"]

1. b3 d6 2. f4 Bg4 3. g3 e5 4. d3 exf4 5. Bxf4 g5 6. Bd2 d5 7. Bg2 c6 8. Qc1 h6 9. Nc3 Bg7 10. Rb1 Nf6 11. Nf3 O-O 12. O-O Re8 13. e3 Qd7 14. Nd1 Bh3 15. Nf2 Bxg2 16. Kxg2 Na6 17. Bc3 Nc7 18. Qb2 Qd8 19. Nd4 Nb5 20. Nf5 Nxc3 21. Qxc3 Bf8 22. h3 c5 23. g4 d4 24. exd4 Nd5 25. Qc4 cxd4 26. Ne4 Nf4+ 27. Rxf4 gxf4 28. Qxd4 Qxd4 29. Nxd4 Bg7 30. Nf5 Rac8 31. c4 Rc6 32. Kf3 Ra6 33. a4 Rd8 34. Nc5 Rb6 35. a5 Rb4 36. Ne7+ Kf8 37. Nd5 Rxd5 38. cxd5 Ke7 39. Ne4 Be5 40. h4 Rd4 41. d6+ Bxd6 42. Nxd6 Kxd6 43. b4 b5 44. axb6 axb6 45. b5 Kc5 46. Rb2 Kd5 47. Rb1 Kc5 48. Rb2 f6 49. Rb1 Ra4 50. Rb2 Rb4 51. Re2 Kd6 52. Re4 Rxb5 53. Rxf4 Ke6 54. Re4+ Re5 55. Rb4 b5 56. d4 Rd5 57. Kf4 Kd6 58. Kf3 f5 59. g5 hxg5 60. hxg5 Ke6 61. Kg3 Kf7 62. Kh3 Kg6 63. Kh4 Rd8 64. Rxb5 Rxd4+ 65. Kg3 Kxg5 66. Rb3 Rg4+ 67. Kh3 Rh4+ 68. Kg2 Rh8 69. Ra3 Rd8 70. Kg3 Rd4 71. Rb3 Rh4 72. Ra3 Rh6 73. Ra5 Rd6 74. Ra3 Rd5 75. Rb3 Rd4 76. Ra3 Rg4+ 77. Kh3 Rh4+ 78. Kg2 Kg4 79. Ra4+ f4 80. Rb4 Rh5 81. Ra4 Rd5 82. Ra2 Rd3 83. Rb2 Rg3+ 84. Kh2 Rh3+ 85. Kg2 f3+ 86. Kg1 Kg3 87. Rg2+ 1/2-1/2

[Event "IV Campionato UE"]
[Site "Liverpool ING"]
[Date "2008.09.18"]
[Round "10"]
[White "Meijers, V."]
[Black "D'Costa, L."]
[Result "0-1"]
[WhiteElo "2496"]
[BlackElo "2414"]
[PlyCount "66"]
[EventDate "2008.09.09"]
[Source "www.chesslib.no"]
[SourceDate "2004.05.04"]

1. c4 Nf6 2. b3 e5 3. Bb2 Nc6 4. e3 Be7 5. d3 d5 6. cxd5 Nxd5 7. a3 f5 8. b4 Bf6 9. Nd2 Qe7 10. b5 Nd8 11. Ngf3 c5 12. Nc4 Nf7 13. Be2 O-O 14. Rc1 b6 15. O-O Bb7 16. Qb3 Kh8 17. Rfe1 e4 18. Nfd2 Rae8 19. Bxf6 Qxf6 20. Qb2 Qg6 21. g3 Ng5 22. Bf1 exd3 23. Ne5 Qh5 24. h4 f4 25. e4 fxg3 26. fxg3 Rxe5 27. exd5 Rxe1 28. Rxe1 Qf7 29. Qe5 Qf2+ 30. Kh1 Qxd2 31. Bg2 Nf7 32. Rf1 Kg8 33. Be4 Nxe5 0-1

[Event "Cadiz Open"]
[Site "Cadiz"]
[Date "1991.??.??"]
[Round "?"]
[White "Garcia Palermo, Carlos H"]
[Black "Rausis, Igors"]
[Result "1-0"]
[WhiteElo "2455"]
[BlackElo "2440"]
[PlyCount "73"]
[EventDate "1991.??.??"]
[Source "www.chesslib.no"]
[SourceDate "2004.05.04"]

1. c4 e5 2. b3 Nc6 3. Bb2 g6 4. g3 Bg7 5. Bg2 Nge7 6. Nc3 O-O 7. d3 d6 8. Qd2 Bg4 9. h3 Be6 10. Nd5 Qd7 11. e3 Nc8 12. Ne2 a5 13. g4 f5 14. g5 N6e7 15. Nf6+ Bxf6 16. gxf6 Rxf6 17. d4 Rf8 18. d5 Bf7 19. f4 h6 20. Qc3 Kh7 21. fxe5 dxe5 22. Qxe5 Rg8 23. Qf6 Qe8 24. O-O Nb6 25. e4 Nd7 26. Qc3 fxe4 27. Ng3 Nf5 28. Nxe4 Qe7 29. Rf4 a4 30. Re1 axb3 31. axb3 Raf8 32. h4 Qd8 33. Qh3 h5 34. Ng5+ Kh6 35. Bc1 Kg7 36. Re6 Re8 37. Bb2+ 1-0

[Event "5. Open"]
[Site "?"]
[Date "2004.11.06"]
[Round "3"]
[White "Gonzalez Rodriguez Jorge A"]
[Black "Kurajica Bojan"]
[Result "0-1"]
[WhiteElo "2354"]
[BlackElo "2541"]
[PlyCount "54"]
[EventDate "2004.??.??"]
[Source "www.chesslib.no"]
[SourceDate "2004.05.04"]

1. b3 d6 2. Bb2 e5 3. e3 Nd7 4. d4 exd4 5. Qxd4 Ngf6 6. c4 g6 7. Nc3 Bg7 8. Nf3 O-O 9. Be2 Re8 10. Nd5 c6 11. Nxf6+ Bxf6 12. Qd2 Bxb2 13. Qxb2 Qf6 14. O-O-O Qxb2+ 15. Kxb2 Nf6 16. Rhf1 d5 17. cxd5 Nxd5 18. Rd2 h6 19. Rfd1 Be6 20. Ne5 Nf6 21. Bf3 Bxb3 22. axb3 Rxe5 23. Rd8+ Re8 24. R8d6 Kg7 25. h4 Re7 26. R6d4 Rae8 27. Ra4 a6 0-1

[Event "Buenos Aires ol (Men)"]
[Site "Buenos Aires ARG"]
[Date "1978.??.??"]
[Round "8"]
[White "Schneider, Lars-Ake"]
[Black "Hug, Werner"]
[Result "1/2-1/2"]
[WhiteElo "2430"]
[BlackElo "2460"]
[PlyCount "100"]
[EventDate "1978.10.25"]
[Source "www.chesslib.no"]
[SourceDate "2004.05.04"]

1. b3 d6 2. Bb2 Nf6 3. g3 g6 4. Bg2 Bg7 5. Nf3 O-O 6. c4 c6 7. d4 Bg4 8. O-O Nbd7 9. h3 Bxf3 10. Bxf3 e5 11. Nc3 d5 12. cxd5 exd4 13. Qxd4 Nxd5 14. Qd2 Nxc3 15. Bxc3 Bxc3 16. Qxc3 Qe7 17. Rfd1 Rfd8 18. Rd4 Nc5 19. Rxd8+ Rxd8 20. Qb4 Kf8 21. Rc1 Ne6 22. Qa5 a6 23. e3 Kg7 24. h4 Qf6 25. Bg4 Rd7 26. Rc4 h5 27. Bxe6 Qxe6 28. Rd4 Rxd4 29. exd4 Qd5 30. Qb4 Qd7 31. a4 b5 32. axb5 axb5 33. Qc5 Qd5 34. Qc3 Kf6 35. Qe3 Qe6 36. Qf4+ Kg7 37. Qf3 Kf8 38. Kg2 Ke7 39. Qc3 Qe4+ 40. Kf1 Ke6 41. f3 Qd5 42. Ke2 Qd6 43. Qe3+ Kd7 44. Kf2 Qd5 45. Ke2 Kc7 46. Qc3 Kb7 47. Qd3 Kb6 48. Qc3 Qd6 49. Kf2 Qd5 50. Ke2 Qd6 1/2-1/2

[Event "Bundesliga 8889"]
[Site "GER"]
[Date "1989.??.??"]
[Round "?"]
[White "Fries Nielsen, Jens Ove"]
[Black "Hickl, Joerg"]
[Result "1-0"]
[WhiteElo "2385"]
[BlackElo "2500"]
[PlyCount "121"]
[EventDate "1988.10.??"]
[Source "www.chesslib.no"]
[SourceDate "2004.05.04"]

1. b3 d6 2. Bb2 e5 3. e3 Nd7 4. g3 Ngf6 5. Bg2 d5 6. Ne2 Bd6 7. d3 c6 8. Nd2 O-O 9. O-O a5 10. a3 Re8 11. h3 Qe7 12. Kh2 Bc7 13. Nc3 Nf8 14. e4 dxe4 15. Ndxe4 Nxe4 16. Nxe4 Bf5 17. Re1 Ne6 18. Nd2 f6 19. Nf3 Bb6 20. Nh4 Bg6 21. Nxg6 hxg6 22. Qd2 Bd4 23. c3 Bb6 24. d4 exd4 25. cxd4 Qd6 26. Qd3 Nxd4 27. Rxe8+ Rxe8 28. Rd1 Rd8 29. Qxg6 Qe7 30. Be4 Qf7 31. Qh7+ Kf8 32. b4 axb4 33. axb4 Qg8 34. Qh5 Ne6 35. b5 Rxd1 36. Qxd1 Ke7 37. bxc6 bxc6 38. Bxc6 Qc8 39. Ba3+ Bc5 40. Bxc5+ Nxc5 41. Qd5 Ne6 42. Ba4 Ng5 43. h4 Nf7 44. Qe4+ Kd6 45. Qb4+ Qc5 46. Qb8+ Qc7 47. Qf8+ Ke5 48. Qxg7 Qb6 49. f4+ Ke6 50. Qg4+ Ke7 51. Qe2+ Kf8 52. Bd7 Qd4 53. Bh3 Nd6 54. Bg2 Kf7 55. Qa2+ Kg7 56. Qe6 Nc4 57. Qe7+ Kh6 58. Qf8+ Kg6 59. h5+ Kxh5 60. Qg7 Qd3 61. Bf3+ 1-0

[Event "Marganets"]
[Site "?"]
[Date "1999.??.??"]
[Round "11"]
[White "Bets Anatolij"]
[Black "Stoockalov Vladimir L"]
[Result "1/2-1/2"]
[WhiteElo "2439"]
[BlackElo "2445"]
[PlyCount "25"]
[EventDate "1999.??.??"]
[Source "www.chesslib.no"]
[SourceDate "2004.05.04"]

1. b3 g6 2. Bb2 Nf6 3. e4 d6 4. Nf3 Bg7 5. d3 O-O 6. Nbd2 e5 7. Be2 h6 8. a4 Nh5 9. g3 Bh3 10. Rg1 Qd7 11. Nc4 Nc6 12. Qd2 a6 13. a5 1/2-1/2

[Event "CAN Ch"]
[Site "Ottawa CAN"]
[Date "1984.??.??"]
[Round "2"]
[White "Day, Lawrence A"]
[Black "Nickoloff, Bryon"]
[Result "1/2-1/2"]
[WhiteElo "2435"]
[BlackElo "2420"]
[PlyCount "21"]
[EventDate "1984.??.??"]
[Source "www.chesslib.no"]
[SourceDate "2004.05.04"]

1. b3 g6 2. Bb2 Nf6 3. e4 d6 4. g3 Bg7 5. Bg2 O-O 6. Ne2 e5 7. O-O Re8 8. Nbc3 Nc6 9. Nd5 Nxd5 10. exd5 Nd4 11. Nxd4 1/2-1/2

[Event "It Open"]
[Site "Teheran (Iran)"]
[Date "1992.??.??"]
[Round "3"]
[White "Nalbandian, Tigran"]
[Black "Khachiyan, Melikset"]
[Result "1-0"]
[WhiteElo "2485"]
[BlackElo "2370"]
[PlyCount "91"]
[EventDate "1992.??.??"]
[Source "www.chesslib.no"]
[SourceDate "2004.05.04"]

1. c4 e5 2. b3 Nc6 3. Bb2 Nf6 4. g3 d5 5. Bg2 Be6 6. d3 d4 7. Nf3 Qd7 8. a3 a5 9. O-O Bc5 10. Nbd2 h6 11. b4 axb4 12. Nb3 Bd6 13. axb4 Rxa1 14. Qxa1 Bxb4 15. Nxe5 Nxe5 16. Qa8+ Ke7 17. Qxh8 Ne8 18. Nxd4 Ng6 19. Qg8 Bh3 20. Bd5 Nd6 21. Qxg7 Bxf1 22. Kxf1 Qh3+ 23. Kg1 Qh5 24. Nf3 c6 25. Be4 Nxe4 26. dxe4 Ke8 27. Qd4 Bc5 28. Qd3 Qg4 29. Ne5 Nxe5 30. Bxe5 Qe6 31. Bf4 h5 32. Kg2 Be7 33. h4 Kf8 34. Qd4 Kg8 35. c5 Bf6 36. e5 Be7 37. Bd2 Bf8 38. Bc3 Bg7 39. Kh2 Qf5 40. Qd8+ Bf8 41. Bd4 Qe4 42. Qg5+ Bg7 43. e3 Qc2 44. Kg1 Qb1+ 45. Kg2 Qe4+ 46. f3 1-0

[Event "Stockholm SWE, 25. Rilton Cup"]
[Site "?"]
[Date "2006.01.03"]
[Round "7"]
[White "Cicak Slavko"]
[Black "Olsson Linus"]
[Result "1-0"]
[WhiteElo "2497"]
[BlackElo "2354"]
[PlyCount "101"]
[EventDate "2006.??.??"]
[Source "www.chesslib.no"]
[SourceDate "2004.05.04"]

1. b3 d6 2. Bb2 Nd7 3. g3 Ngf6 4. Bg2 g6 5. d4 Bg7 6. d5 O-O 7. c4 a5 8. Nf3 Nc5 9. O-O e5 10. dxe6 Bxe6 11. Bd4 Qe7 12. Nc3 c6 13. Re1 d5 14. cxd5 Nxd5 15. Rc1 Bxd4 16. Qxd4 Nb4 17. Nd2 Rad8 18. Qe3 Rfe8 19. Red1 Bg4 20. Qxe7 Rxe7 21. Nc4 Ra8 22. Rd2 Be6 23. Rcd1 Bxc4 24. bxc4 Kf8 25. g4 h6 26. e3 Ree8 27. Ne2 Ke7 28. Nd4 Rec8 29. h4 a4 30. a3 Nba6 31. h5 Nc7 32. hxg6 fxg6 33. f4 N7e6 34. Nxe6 Kxe6 35. Rd6+ Kf7 36. f5 gxf5 37. gxf5 Re8 38. Bf3 Rg8+ 39. Kf2 Rg5 40. e4 Re8 41. R1d4 Nb3 42. Rd7+ Re7 43. R4d6 Na5 44. Be2 h5 45. Kf3 h4 46. Kf4 Rxd7 47. Rxd7+ Ke8 48. Rh7 Rg2 49. Bh5+ Kd8 50. e5 Rf2+ 51. Kg5 1-0

[Event "Leningrad it"]
[Site "Leningrad RUS"]
[Date "1990.??.??"]
[Round "?"]
[White "Minasian, Artashes"]
[Black "Poldauf, Dirk"]
[Result "1/2-1/2"]
[WhiteElo "2480"]
[BlackElo "2370"]
[PlyCount "72"]
[EventDate "1990.??.??"]
[Source "www.chesslib.no"]
[SourceDate "2004.05.04"]

1. b3 d6 2. Bb2 Nf6 3. f4 e5 4. e3 Nc6 5. Ne2 Be7 6. Nbc3 Be6 7. d4 exd4 8. Nxd4 Nxd4 9. Qxd4 O-O 10. e4 c5 11. Qd2 d5 12. f5 Bc8 13. exd5 Ng4 14. Qf4 Bh4+ 15. g3 Re8+ 16. Ne4 Qxd5 17. Bg2 Qxf5 18. O-O Qxf4 19. Rxf4 Be7 20. Re1 Bd7 21. h3 Nh6 22. Rd1 Bc6 23. g4 f6 24. Nc3 Bxg2 25. Kxg2 Rad8 26. Nd5 Bd6 27. Rf2 Nf7 28. Rfd2 Kf8 29. a4 Kg8 30. c4 Re6 31. a5 Rde8 32. Kf2 Ng5 33. Kg2 Re2+ 34. Kf1 Rxd2 35. Rxd2 Re6 36. Rg2 Nf7 1/2-1/2

[Event "BUL Ch"]
[Site "Pernik"]
[Date "1983.??.??"]
[Round "2"]
[White "Spiridonov, Nikola"]
[Black "Georgiev, Krum I"]
[Result "1/2-1/2"]
[WhiteElo "2405"]
[BlackElo "2440"]
[PlyCount "27"]
[EventDate "1983.09.17"]
[Source "www.chesslib.no"]
[SourceDate "2004.05.04"]

1. b3 d6 2. Bb2 e5 3. c4 Nc6 4. g3 g6 5. Bg2 Bg7 6. e3 Nge7 7. Ne2 O-O 8. O-O Bg4 9. h3 Bxe2 10. Qxe2 a5 11. Nc3 Qd7 12. d3 Kh8 13. Nd5 Nxd5 14. cxd5 1/2-1/2

[Event "Zeleny Shum (Russia)"]
[Site "?"]
[Date "2000.??.??"]
[Round "1"]
[White "Mesropov Konstantin"]
[Black "Kovchan Alexander"]
[Result "1/2-1/2"]
[WhiteElo "2420"]
[BlackElo "2420"]
[PlyCount "93"]
[EventDate "2000.??.??"]
[Source "www.chesslib.no"]
[SourceDate "2004.05.04"]

1. b3 g6 2. Bb2 Nf6 3. e4 Bg7 4. g3 O-O 5. Bg2 c5 6. Ne2 Nc6 7. O-O e5 8. d3 d5 9. exd5 Nxd5 10. Nd2 Be6 11. Re1 h6 12. a4 Qd7 13. Nc4 Rfe8 14. Nc3 Rad8 15. a5 Nxc3 16. Bxc3 Bd5 17. Bxd5 Qxd5 18. Ne3 Qd7 19. Qg4 Qxg4 20. Nxg4 Nd4 21. Bxd4 cxd4 22. f3 f5 23. Nf2 Rd5 24. a6 b5 25. Re2 Kf7 26. Ra2 Re6 27. Kg2 Bf8 28. h4 h5 29. Nh3 Be7 30. Ra1 Bf6 31. Ng5+ Bxg5 32. hxg5 e4 33. dxe4 fxe4 34. Rxe4 Rxe4 35. fxe4 Rxg5 36. Kf3 Rc5 37. Rd1 Rxc2 38. Rxd4 Ke6 39. Rd8 Rc6 40. Rb8 Kf6 41. Rxb5 g5 42. e5+ Ke6 43. Ke4 Rxa6 44. Rb8 Rb6 45. Re8+ Kf7 46. Ra8 Ke6 47. Re8+ 1/2-1/2

[Event "3rd Golden Autumn, Alushta UKR"]
[Site "?"]
[Date "2001.??.??"]
[Round "?"]
[White "Pavlov, Ma"]
[Black "Guseinov, K."]
[Result "0-1"]
[WhiteElo "2350"]
[BlackElo "2485"]
[PlyCount "104"]
[EventDate "2001.??.??"]
[Source "www.chesslib.no"]
[SourceDate "2004.05.04"]

1. b3 d6 2. Bb2 e5 3. e3 g6 4. Nf3 Bg7 5. c4 c5 6. Nc3 Nc6 7. d3 Nge7 8. g3 O-O 9. Bg2 b6 10. O-O Bb7 11. a3 h6 12. Qc2 Qd7 13. Rad1 g5 14. Nd5 Nxd5 15. cxd5 Ne7 16. e4 f5 17. Nd2 f4 18. f3 h5 19. Nc4 Ng6 20. Bc1 Rf7 21. Qe2 g4 22. Rf2 Raf8 23. Rdf1 Bc8 24. Bd2 Qe7 25. Qd1 Kh7 26. Qc1 h4 27. fxg4 Bxg4 28. gxf4 Nxf4 29. Bxf4 exf4 30. Bf3 Bh3 31. Bg2 Bg4 32. Bf3 Bxf3 33. Rxf3 Bd4+ 34. Kh1 Qg5 35. Rg1 Bxg1 36. Qxg1 Qxg1+ 37. Kxg1 Rf6 38. Rh3 Rh6 39. Kf2 Rf7 40. a4 Rf8 41. Kf3 Kg7 42. Kf2 Rb8 43. Kf3 Rf8 44. Kf2 Kf7 45. Nd2 Ke7 46. Nf3 b5 47. axb5 Rb8 48. d4 Rxb5 49. dxc5 Rxb3 50. e5 dxc5 51. Ke2 Re3+ 52. Kf2 Ra6 0-1

[Event "It Open"]
[Site "Castrop-Rauxel GER"]
[Date "1990.??.??"]
[Round "6"]
[White "Spassky, Boris Vasily"]
[Black "Krallmann, Matthias"]
[Result "1-0"]
[WhiteElo "2560"]
[BlackElo "2270"]
[PlyCount "93"]
[EventDate "1990.??.??"]
[Source "www.chesslib.no"]
[SourceDate "2004.05.04"]

1. b3 Nh6 2. Bb2 f6 3. d4 d5 4. c4 e6 5. Nf3 c6 6. Qc2 Na6 7. Nbd2 Bb4 8. g3 O-O 9. Bg2 Nf7 10. O-O Bd7 11. e4 Rc8 12. a3 Bxd2 13. Nxd2 dxc4 14. bxc4 e5 15. Qb3 exd4 16. Bxd4 Be6 17. Be3 b5 18. Rfd1 Qe7 19. Bf1 Rfd8 20. Qb2 Ne5 21. cxb5 cxb5 22. Qxb5 Nc7 23. Qa5 Bg4 24. Re1 Rxd2 25. Bxd2 Nf3+ 26. Kh1 Qd7 27. Bb4 Nxe1 28. Rxe1 Bf3+ 29. Bg2 Bxg2+ 30. Kxg2 Re8 31. Qxa7 Qc6 32. Qc5 Qb7 33. f3 h6 34. Rd1 Ne6 35. Qd5 Qa6 36. Qd3 Qa4 37. Qd7 Qxd7 38. Rxd7 Rc8 39. Rd2 Rc1 40. Kf2 Rb1 41. Ke3 Nc7 42. Rd8+ Kh7 43. Rd7 Nb5 44. Bf8 Rb3+ 45. Kf4 Kg8 46. Bxg7 Rxa3 47. Bxf6 1-0

[Event "Belgrade Premier League"]
[Site "?"]
[Date "2005.10.03"]
[Round "3"]
[White "Popchev Milko"]
[Black "Mirkovic Slobodan"]
[Result "1/2-1/2"]
[WhiteElo "2457"]
[BlackElo "2372"]
[PlyCount "24"]
[EventDate "2005.??.??"]
[Source "www.chesslib.no"]
[SourceDate "2004.05.04"]

1. b3 e6 2. Bb2 Nf6 3. Nf3 b6 4. d4 Bb7 5. e3 Bb4+ 6. Nbd2 Ne4 7. c4 Qf6 8. Qe2 Nc3 9. Qd3 Ne4 10. Qe2 Nc3 11. Qd3 Ne4 12. Qe2 Nc3 1/2-1/2

[Event "Berliner Sommer"]
[Site "Berlin GER"]
[Date "1994.??.??"]
[Round "?"]
[White "Bagirov, Vladimir K"]
[Black "Gershon, Alik"]
[Result "1-0"]
[WhiteElo "2525"]
[BlackElo "2295"]
[PlyCount "79"]
[EventDate "1994.08.??"]
[Source "www.chesslib.no"]
[SourceDate "2004.05.04"]

1. b3 d6 2. Bb2 e5 3. g3 f5 4. Bg2 Nf6 5. c4 g6 6. Nc3 Bg7 7. e3 O-O 8. Nge2 a5 9. d4 e4 10. Nf4 Qe8 11. h4 Bd7 12. a3 Qf7 13. Bf1 c6 14. Be2 Na6 15. Qd2 Nc7 16. Na4 b5 17. Nb6 Ra7 18. d5 cxd5 19. Nxd7 Nxd7 20. cxb5 Bxb2 21. Qxb2 Qg7 22. Qxg7+ Kxg7 23. Rc1 Rf6 24. Kd2 Rb7 25. a4 Nc5 26. Kc3 Rf7 27. Rhd1 Rb6 28. Kb2 Kf6 29. Rxd5 N7e6 30. Rdxc5 Nxf4 31. R5c2 Nxe2 32. Rxe2 Ke5 33. Rc8 Ra7 34. Re8+ Kf6 35. Rc2 Kf7 36. Rec8 Rbb7 37. R2c6 Ke7 38. Kc3 Kd7 39. Kc4 Ke6 40. b6 1-0

[Event "Hampstead"]
[Site "?"]
[Date "1998.10.26"]
[Round "1"]
[White "Wall Tim"]
[Black "McNab Colin Anderson"]
[Result "0-1"]
[WhiteElo "2370"]
[BlackElo "2445"]
[PlyCount "92"]
[EventDate "1998.??.??"]
[Source "www.chesslib.no"]
[SourceDate "2004.05.04"]

1. b3 g6 2. Bb2 Nf6 3. Bxf6 exf6 4. c4 Bg7 5. Nc3 f5 6. Rc1 d6 7. g3 Nd7 8. Bg2 c6 9. e3 O-O 10. Nge2 Re8 11. O-O a5 12. a3 Nf6 13. d3 h5 14. Nd4 h4 15. Nf3 hxg3 16. hxg3 Ng4 17. Qc2 g5 18. b4 axb4 19. axb4 f4 20. exf4 gxf4 21. gxf4 Qf6 22. Ne4 Qxf4 23. Qd2 Bh6 24. Qxf4 Bxf4 25. Ra1 Bf5 26. Bh3 Rxa1 27. Rxa1 Bxe4 28. dxe4 Nf6 29. Bf5 Nxe4 30. Ra7 Ng3 31. Bd3 Rb8 32. Ra5 b6 33. Ra7 Nh5 34. Be4 d5 35. cxd5 Nf6 36. Bc2 cxd5 37. Nd4 Rc8 38. Ba4 Rc4 39. Nc6 Bd6 40. Rb7 Bxb4 41. Rxb6 Bc5 42. Rb5 Bd6 43. Ra5 Kg7 44. Kf1 Ne4 45. Bb5 Rc1+ 46. Kg2 Rc2 0-1

[Event "5th United Insurance, Dhaka BAN"]
[Site "?"]
[Date "2001.??.??"]
[Round "8"]
[White "Abdulla, Al"]
[Black "Murshed, N."]
[Result "0-1"]
[WhiteElo "2355"]
[BlackElo "2455"]
[PlyCount "32"]
[EventDate "2001.??.??"]
[Source "www.chesslib.no"]
[SourceDate "2004.05.04"]

1. b3 d6 2. Bb2 e5 3. g3 Nf6 4. Bg2 g6 5. c4 Bg7 6. Nc3 O-O 7. d3 c6 8. Nf3 Nbd7 9. O-O Re8 10. b4 d5 11. b5 d4 12. Na4 cxb5 13. cxb5 a6 14. bxa6 Rxa6 15. Bc1 b5 16. Nb2 Nd5 0-1

[Event "Rijeka 1st"]
[Site "Rijeka"]
[Date "2001.??.??"]
[Round "7"]
[White "Lovric, Branko"]
[Black "Inkiov, Ventzislav"]
[Result "0-1"]
[WhiteElo "2448"]
[BlackElo "2357"]
[PlyCount "98"]
[EventDate "2001.01.20"]
[Source "ChessBase"]
[SourceDate "2001.03.08"]

1. b3 d6 2. Bb2 Nd7 3. e3 Ngf6 4. c4 g6 5. g3 Bg7 6. Bg2 O-O 7. Nc3 e5 8. d3 Nh5 9. g4 Nhf6 10. h3 c6 11. Nge2 h5 12. g5 Nh7 13. h4 a5 14. Ng3 Nc5 15. Nce4 a4 16. b4 a3 17. Bc3 Na4 18. Bd2 d5 19. cxd5 cxd5 20. Nc3 Nb2 21. Qe2 Bg4 22. f3 Be6 23. O-O d4 24. Nce4 dxe3 25. Bxe3 Qxd3 26. Qf2 Qb5 27. Bc5 Rfd8 28. Nd6 Qa6 29. Nge4 Rd7 30. b5 Qa4 31. Nc3 Qa5 32. Nce4 Nd3 33. Qe3 Nxc5 34. Qxc5 Bf8 35. Rf2 Rad8 36. Rd1 Bf5 37. Rfd2 Bxe4 38. fxe4 Rxd6 39. Rxd6 Rxd6 40. Rxd6 Qe1+ 41. Bf1 Qxh4 42. Qc8 Qg3+ 43. Kh1 Nxg5 44. Bc4 Kg7 45. Rd3 Nf3 46. Rxf3 Qxf3+ 47. Kh2 b6 48. Bd5 Qf2+ 49. Kh3 Bc5 0-1

[Event "Donau op"]
[Site "?"]
[Date "1998.??.??"]
[Round "3"]
[White "Tibensky Robert"]
[Black "Kummer Helmut"]
[Result "1-0"]
[WhiteElo "2435"]
[BlackElo "2370"]
[PlyCount "105"]
[EventDate "1998.??.??"]
[Source "www.chesslib.no"]
[SourceDate "2004.05.04"]

1. c4 e5 2. b3 Nc6 3. Bb2 Nf6 4. e3 Be7 5. Nc3 O-O 6. Nf3 Re8 7. Be2 Bf8 8. d3 d5 9. cxd5 Nxd5 10. O-O Nxc3 11. Bxc3 Bf5 12. a3 a5 13. Qc2 Bd6 14. Qb2 Qe7 15. Rfe1 Rad8 16. Nd2 Bc5 17. Ne4 Rd7 18. Nxc5 Qxc5 19. b4 axb4 20. axb4 Qe7 21. b5 Nd8 22. Red1 f6 23. Bb4 Qf7 24. Qc3 Qg6 25. Ra8 Ne6 26. Rxe8+ Qxe8 27. Qc4 Kh8 28. Bf3 Qd8 29. Bxb7 Rxd3 30. Rxd3 Qxd3 31. Qxd3 Bxd3 32. Bd5 Ng5 33. f3 Bxb5 34. h4 c6 35. Bb3 Nxf3+ 36. gxf3 h6 37. Be7 Kh7 38. Bc2+ Kg8 39. Bg6 Ba4 40. Kf2 Bb5 41. Ke1 Ba4 42. Kd2 Bb5 43. Be8 Ba4 44. Kc3 Kh7 45. h5 Kg8 46. Kc4 Kh8 47. Kc5 Bb3 48. Bg6 Bd5 49. e4 Bb3 50. Kxc6 Bd1 51. Bd6 Bxf3 52. Bxe5 fxe5 53. Kd6 1-0

[Event "Buenos Aires ol (Men)"]
[Site "Buenos Aires ARG"]
[Date "1978.??.??"]
[Round "9"]
[White "Fuller, Maxwell L"]
[Black "Hoelzl, Franz"]
[Result "0-1"]
[WhiteElo "2390"]
[BlackElo "2410"]
[PlyCount "62"]
[EventDate "1978.10.25"]
[Source "www.chesslib.no"]
[SourceDate "2004.05.04"]

1. b3 d6 2. Bb2 e5 3. c4 g6 4. d4 Nd7 5. g3 Bg7 6. Bg2 Nh6 7. dxe5 dxe5 8. Nf3 O-O 9. O-O c6 10. Nc3 Qe7 11. Qc1 e4 12. Ng5 e3 13. f4 Re8 14. Ba3 Qd8 15. Rd1 Nf5 16. Nf3 Qc7 17. g4 Nd4 18. Nxd4 Qxf4 19. Nf3 Ne5 20. Bd6 Bxg4 21. Nxe5 Bxe5 22. Bxe5 Qxe5 23. Ne4 f5 24. Nd6 Bxe2 25. c5 Bxd1 26. Qc4+ Kg7 27. Nxe8+ Rxe8 28. Rxd1 e2 29. Re1 Qe3+ 30. Kh1 f4 31. Qb4 Re7 0-1

[Event "Vila de Sitges op-27"]
[Site "Sitges"]
[Date "2001.??.??"]
[Round "4"]
[White "Gonzalez, Jorge"]
[Black "Iglesias, Jorge"]
[Result "1-0"]
[WhiteElo "2428"]
[BlackElo "2362"]
[PlyCount "75"]
[EventDate "2001.07.20"]
[Source "www.chesslib.no"]
[SourceDate "2004.05.04"]

1. b3 e6 2. Bb2 a5 3. a3 Nf6 4. e3 g6 5. Nf3 Bg7 6. d4 d6 7. c4 O-O 8. Qc2 Qe7 9. Be2 Nbd7 10. Nc3 c6 11. O-O e5 12. b4 e4 13. Nd2 Re8 14. c5 d5 15. Qa4 Nf8 16. Rfb1 Ne6 17. b5 Bd7 18. bxc6 bxc6 19. Qd1 Ng5 20. Na4 Bf5 21. Bc3 h5 22. Rb6 Qc7 23. Rab1 Ng4 24. Nf1 Ra7 25. Qb3 Bc8 26. Rb8 Qd7 27. h4 Nh7 28. Nb6 Qf5 29. Bxg4 Qxg4 30. Nxc8 Rxc8 31. Qb6 Re7 32. Qxc6 Rf8 33. Bxa5 Qxh4 34. Bd8 Rxd8 35. Rxd8+ Bf8 36. Rbb8 Re6 37. Qa8 Qe7 38. Re8 1-0

[Event "XIV Open"]
[Site "Bosnjaci CRO"]
[Date "2009.01.04"]
[Round "3"]
[White "Bobanac, M."]
[Black "Saric, A."]
[Result "1/2-1/2"]
[WhiteElo "2276"]
[BlackElo "2514"]
[PlyCount "68"]
[EventDate "2009.01.03"]
[Source "www.chesslib.no"]
[SourceDate "2004.05.04"]

1. b3 g6 2. Bb2 Nf6 3. Bxf6 exf6 4. d4 d5 5. e3 a5 6. a3 Bd6 7. Nf3 f5 8. c4 dxc4 9. Bxc4 Qe7 10. O-O Nd7 11. Qc1 Nb6 12. Nbd2 O-O 13. Re1 Nxc4 14. bxc4 Qd8 15. h3 b6 16. e4 fxe4 17. Nxe4 Bf5 18. Qh6 f6 19. Nh4 Bxe4 20. Rxe4 Rf7 21. Nf3 Qd7 22. d5 Re8 23. Qe3 Rfe7 24. Rxe7 Rxe7 25. Qd3 Bc5 26. a4 Qe8 27. Kf1 Kf7 28. Qc2 c6 29. Rd1 Qd7 30. Qb3 Kg7 31. Nd4 cxd5 32. cxd5 Bxd4 33. Rxd4 Qd6 34. g3 h5 1/2-1/2

[Event "Hans & Lenze"]
[Site "Lippstadt"]
[Date "1998.08.09"]
[Round "11"]
[White "Prusikhin, Mihailo"]
[Black "Matthias, Heiner"]
[Result "1/2-1/2"]
[WhiteElo "2430"]
[BlackElo "2355"]
[PlyCount "123"]
[EventDate "1998.07.30"]
[Source "ChessBase"]
[SourceDate "1998.09.09"]

1. c4 e5 2. b3 Nc6 3. Bb2 g6 4. g3 Bg7 5. Bg2 Nge7 6. Nc3 O-O 7. e3 d6 8. d3 Be6 9. Nd5 f5 10. Ne2 Kh8 11. O-O Bg8 12. Qd2 Nxd5 13. cxd5 Ne7 14. e4 c6 15. dxc6 Nxc6 16. Rad1 d5 17. exf5 Rxf5 18. Bh3 Rf8 19. f4 Qe7 20. Rde1 Rae8 21. f5 gxf5 22. Bxf5 Be6 23. g4 Bxf5 24. gxf5 Rf7 25. Ng3 Qh4 26. Qg2 Qd8 27. Kh1 Bf6 28. Nh5 Rg8 29. Qe2 d4 30. Qe4 Rg5 31. Ng3 Rfg7 32. Bc1 Rg4 33. Qf3 Rg8 34. Re4 Rxe4 35. Qxe4 Bg5 36. Bxg5 Qxg5 37. f6 Rf8 38. Rf5 Qe3 39. Qxe3 dxe3 40. Kg2 Kg8 41. Ne4 Kf7 42. Rh5 Kg6 43. Rg5+ Kh6 44. h4 Nd4 45. Rxe5 e2 46. Ng3 Rxf6 47. Nxe2 Nxe2 48. Rxe2 Rd6 49. Rd2 Rd4 50. Kf3 Kg6 51. Ke3 Rxh4 52. d4 Kf5 53. Rf2+ Ke6 54. Rg2 Kd5 55. Rg5+ Kc6 56. Kd3 b5 57. Rc5+ Kb6 58. Rc2 h5 59. d5 Rg4 60. Ke3 h4 61. Rc6+ Kb7 62. Rh6 1/2-1/2

[Event "Moscow RUS"]
[Site "?"]
[Date "1998.??.??"]
[Round "4"]
[White "Gelman Alexander"]
[Black "Grabuzova Tatiana"]
[Result "1/2-1/2"]
[WhiteElo "2440"]
[BlackElo "2340"]
[PlyCount "79"]
[EventDate "1998.??.??"]
[Source "www.chesslib.no"]
[SourceDate "2004.05.04"]

1. b3 d6 2. Bb2 e5 3. g3 g6 4. Bg2 Bg7 5. c4 c6 6. Nc3 Nf6 7. Nf3 O-O 8. d3 Re8 9. O-O a5 10. e3 Na6 11. h3 Bd7 12. Nd2 Re7 13. Nde4 Ne8 14. g4 Nac7 15. c5 d5 16. Nd6 Ne6 17. Nxe8 Rxe8 18. Na4 Qh4 19. Qe1 Qh6 20. Nb6 Rad8 21. Nxd7 Rxd7 22. Qxa5 f5 23. Rac1 Ng5 24. f3 Nxh3+ 25. Bxh3 Qxh3 26. Rc2 fxg4 27. Rh2 Qg3+ 28. Rg2 Qh4 29. Rxg4 Qh3 30. Qe1 Ra8 31. a3 Rf7 32. Qg3 Qxg3+ 33. Rxg3 e4 34. Bc1 Raf8 35. Kg2 exd3 36. Rd1 Re8 37. Rxd3 Rfe7 38. Rg4 Re6 39. Kf2 h5 40. Rb4 1/2-1/2